Obščaja chimija

Uložené v:
Podrobná bibliografia
Médium: Kniha
Jazyk:Russian
Vydavateľské údaje: Moskva : Izdateľstvo Moskovskogo universiteta, 1980
Vydanie:2-je,pererab.i dopol.
Tagy: Pridať tag
Žiadne tagy, Buďte prvý, kto otaguje tento záznam!

MARC

LEADER 00000nam a22000003a 4500
001 stu17855
005 20141122082015.0
008 910717s1980----xxr-----------------rus-d
040 |a STU  |b slo 
041 0 |a rus 
044 |a xxr 
080 |a 546 
245 |a Obščaja chimija 
250 |a 2-je,pererab.i dopol. 
260 |a Moskva :  |b Izdateľstvo Moskovskogo universiteta,  |c 1980 
300 |a 723 s :  |b Tab.,grafy,lit.,index 
996 |b C88170  |c C*88170  |l CCXVII  |s P  |a 0  |w stu17855_0001